000 00622nam a2200217Ia 4500
003 GCL
008 140319s9999 xx 000 0 ara d
020 _a?801209960
040 _aGCL /
_cGCL
082 0 4 _aط
_b525.5
_bو م
100 1 _aويليامز، جون
245 1 0 _aالربيع /
_cويليامز، جون
250 _aالاولى
260 _aالرياض :
_bمكتبة العبيكان ،
_c2001
300 _a30 ص ؛
_c30 سم
490 _aالفصول الاربعة
_v0
650 0 4 _aالظواهر الجوية
650 0 4 _aفصول السنة
650 0 4 _aالربيع
942 _2ddc
_cBK
999 _c3849
_d3849